| 000 | 00799cam a22002534a 4500 | ||
|---|---|---|---|
| 999 |
_c2520 _d2520 |
||
| 001 | 4483 | ||
| 003 | BD-DhUAP | ||
| 005 | 20210130101516.0 | ||
| 008 | 110419s2003 nyua 001 0beng c | ||
| 020 | _a3822876496 | ||
| 020 | _a9783822876497 | ||
| 040 |
_aBD-DhUAP _cBD-DhUAP _dBD-DhUAP _bEng |
||
| 082 |
_a726.1450954 STI _223 |
||
| 100 | _aStierlin, Anne. | ||
| 245 |
_aHindu India : _bfrom Khajuraho to the Temple City of Madurai / _cHenri Stierlin. |
||
| 260 |
_aLondon : _bBenedikt Taschen, _cc1998. |
||
| 300 |
_a237 pages : _billustrations ; _c30 cm. |
||
| 504 | _aIncludes bibliographical references and index. | ||
| 650 |
_aHindu architecture _zIndia |
||
| 650 | _aHindu temples. | ||
| 700 | _aStangos, Nikos | ||
| 906 |
_a7 _bcbc _cpccadap _d2 _encip _f20 _gy-gencatlg |
||
| 942 |
_2ddc _cBK |
||